Movies Quiz

Random Movies or Clickable Quiz

5 Star Characters in Movies Quiz Stats

 Plays Quiz not verified by Sporcle

Challenge
Share
Tweet
Embed
Score 0/65 Timer 06:00
0 Plays Today
% Correct
Bruce Wayne
98.2%
Joker
95.9%
Simba
95.3%
Marty McFly
94.9%
Forrest Gump
94.2%
Scar
93.5%
George McFly
93.5%
Mufasa
93.4%
Royal Tenenbaum
92.7%
Pumbaa
91.9%
Margot Tenenbaum
91.7%
Harvey Dent
91.5%
Richie Tenenbaum
91.5%
Teddy Roosevelt
90.9%
Woody
90.5%
Mrs Gump
90.1%
Buzz Lightyear
90%
Optimus Prime
89.4%
Timon
89.3%
Mr Potato Head
87.6%
Tony Stark
87.5%
Jenny Curran
87.4%
Attila the Hun
87.3%
Dr Emmett Brown
87.3%
Lieutenant Dan Taylor
87.1%
Amelia Earhart
86.8%
Biff Tannen
85%
Thor
84.7%
Bo Peep
84.5%
Vincent Vega
83.7%
Nick Fury
81%
Groot
80.8%
Marsellus Wallace
79.8%
% Correct
Bubba Blue
79.4%
Rex
79%
Lucius Fox
78.9%
Jules Winnfield
78.6%
Ripley
77.4%
Bumblebee
77.4%
Mia Wallace
76.7%
Scarecrow
74.8%
Star Lord
71.1%
Steve Rogers
68.9%
Starscream
67.8%
Drax
67.7%
Rocket
64.4%
Gamora
63.8%
Lorraine Baines
63%
Sam Witwicky
62.2%
Butch Coolidge
55.2%
Father Pablo Ramirez
53.4%
Private Vasquez
52.9%
Private Hudson
51%
Bishop
50.1%
Jedediah
46.8%
Clint Barton
43.4%
Angel Eyes
42.4%
Raleigh St Clair
41.5%
Blondie
41.5%
Larry Daley
41.3%
Newt
41.2%
Tuco
36.8%
Mikaela Banes
36.5%
Eli Cash
28.1%
Maria
22.2%

You're not logged in!

Compare scores with friends on all Sporcle quizzes.
Join for Free
OR
Log In

You Might Also Like...

Show Comments

Extras

Top Quizzes Today


Score Distribution

Your Account Isn't Verified!

In order to create a playlist on Sporcle, you need to verify the email address you used during registration. Go to your Sporcle Settings to finish the process.

Report this User

Report this user for behavior that violates our Community Guidelines.

Details: